| 000 | 00497nam a22002057a 4500 | ||
|---|---|---|---|
| 999 |
_c11810 _d11810 |
||
| 003 | OSt | ||
| 008 | 230130b ||||| |||| 00| 0 eng d | ||
| 020 | _a9789353886802 | ||
| 082 | _a658.402 NAO | ||
| 100 | _aNAHAVANDI,Afsaneh | ||
| 245 | _aOrganization Behavior | ||
| 250 | _aEd | ||
| 260 |
_aNew Delhi _bSage _c2015 |
||
| 300 | _a313 | ||
| 650 | _aOrganization Behavior | ||
| 700 | _aDENHARDT,Robert B | ||
| 700 | _aDENHARDT,Janet V | ||
| 700 | _aARISTIGUETA,Maria P | ||
| 942 |
_2ddc _cREF |
||